Statistiken für Geboren in Krefeld

Klicken Sie hier um das Quiz zu spielen!

Allgemein

  • Dieses Quiz wurde 38 mal gespielt
    (9 seit der letzten Aktualisierung)
  • Das Durchschnittsergebnis liegt bei 3 aus 9

Antwortstatistiken

HinweisAntwort% Korrekt
Schlagersängerin, "Du hast mich tausendmal belogen"1966Andrea Berg
88%
SPD-Politiker und Oberbürgermeister von Krefeld1974Frank Meyer
50%
weltberühmter Aktionskünstler1921Joseph Beuys
50%
Fußballtrainer des SV Elversberg1969Horst Steffen
38%
Schauspieler, "Edelstein"-Trilogie "Jugend ohne Gott" "Je suis Karl"1992Jannis Niewöhner
25%
ehemaliger SPD-Bundesvorsitzender und langjähriger Finanzminister von Nordrhein-Westfalen1952Norbert Walter-Borjans
25%
Gründer des Modeunternehmen Hermès1801Thierry Hermès
25%
Nationalspielerin, Eintracht Frankfurt2000Nicole Anyomi
13%
Vorstandsvorsitzender von Bayer1962Werner Baumann
13%

Verteilung der Resultate

Perzentil nach korrekt beantworteten Fragen

Anzahl Personen mit jedem Resultat

Ihre Resultats-Entwicklung

Sie haben dieses Quiz seit der letzten Aktualisierung nicht gespielt